000 01108cam a22003257a 4500
003 CHAP
005 20220329140900.0
008 971013s1985 mx a r 00010 spa d
010 _a59228
011 _a60200
035 _a64360
040 _cCHAP
090 _aFolleto 10161
110 2 _aPrograma Nacional para el Control de la Abeja Africana. México
_992348
245 1 4 _aLas abejas africanas y su control
260 _a[México, D.F.] :
_bEl Programa,
_c1985
300 _a84 p. :
_bilus.
490 0 _aOrientaciones técnicas
_v; 2
590 _aBATCH-UPD
_b10
_c20130110
_lUCH01
_h0544
590 _aBATCH-UPD
_b10
_c20130410
_lUCH01
_h0225
590 _aBATCH-UPD
_b10
_c20130914
_lUCH01
_h1852
590 _aCONVERSION
_b10
_c20130109
_lUCH01
_h1332
650 1 4 _aAbejas africanas.
_9194
830 0 _aOrientaciones técnicas
_v; 2
_983574
901 _aBK
942 _cFOLL
949 _aFolleto 10161
_bBC
_cFOLL
_d-140140
_eTS1
_i64360
_mD
_si
949 _aFolleto 10161
_bBC
_cFOLL
_d-140141
_eTS2
_fc.2
_i64360
_mD
_si
949 _aFolleto 10161
_bBC
_cFOLL
_d33724002239876
_eTS2
_fc.3
_gDonaciØn
_i64360
_sb
999 _c59228
_d59228